Essays on the blurring of art and life

Saved in:
Bibliografiske detaljer
Hovedforfatter: Kaprow, Allan (Author)
Format: Bog
Sprog:engelsk
Udgivet: Berkeley University of California Press 2003
Udgivelse:1a. ed
Fag:
Tags: Tilføj Tag
Ingen Tags, Vær først til at tagge denne postø!

MARC

LEADER 00000cam a2200000 a 4500
001 UCE7124
003 CL-VaPUC
008 150529e20030000us |||||||||||||||||eng|d
020 |a 9780520240797 
082 0 4 |a 700.973  |b KAP  |2 21 
100 |a Kaprow, Allan  |e author  |9 589185 
245 1 0 |a Essays on the blurring of art and life 
250 |a 1a. ed 
300 |a 268 p 
942 |c BK 
945 |d 20150529 15:00:00  |a dcastane 
260 |a Berkeley  |b University of California Press  |c 2003 
650 0 |a Artistas estadounidenses   |9 519563 
650 0 |a Historia del arte  |9 314877 
650 0 |a Arte contemporáneo  |9 338008 
583 |a last modification  |c 20150529 15:00:00  |k Rodrigo Vera 
999 |c 359247  |d 359245 
952 |0 0  |1 0  |3 erb  |4 0  |6 700_973000000000000_KAP_2003  |7 0  |8 R  |9 468390  |a BIBART  |b BIBART  |i 5161266  |o 700.973 KAP 2003  |p 5161266  |r 2025-03-13  |w 2019-11-23  |y BK_R  |z Catalogado en:20150529  |k ART